000 01200nam a2200265Ia 4500
003 OSt
005 20220930095109.0
006 a|||||r|||| 00| 0
007 ta
008 220926b |||||||| |||| 00| 0 hin d
024 _a71714
037 _cTheses
040 _aCRL
_cCRL
_bhin
041 _2hin
_ahin
100 _aसंदीप कुमार, ले.
110 _aदिल्ली विश्वविद्यालय. कला संकाय. हिन्दी विभाग
245 0 _aभारत विभाजन के संदर्भ में हिन्दी और उर्दू से हिन्दी में अनूदित उपन्यासों का अध्ययन
246 _aBhārat vibhājan ke sandarbha mean hindī aur urdū se hindī mean anūdit upanyāsoan kā adhyayana
260 _c2020
300 _a305पृ0
_ap.
_ccm.
650 _aहिन्दी साहित्य
700 _aदिल्ली विश्वविद्यालय. कला संकाय. हिन्दी विभाग
942 _cDIS
_2CC
999 _c888323
_d888323